000 01084 a2200241 4500
020 _a0470018844
040 _aDLC
_bDLC
082 _a621.3845
245 0 0 _aHSDPA/HSUPA for UMTS : high speed radio access for mobile communications
_bhigh speed radio access for mobile communications
_cHarri Holma and Antti Toskala.
246 3 0 _aHSDPA/HSUPA for UMTS [electronic resource]
260 _aChichester :
_bJohn Wiley & Sons,
_cc2006.
300 _axxi, 245 p. :
_bill. ;
_c25 cm.
538 _aMode of access: World Wide Web.
538 _aSystem requirements : Internet connectivity, World Wide Web browser, Adobe Acrobat reader required to view and print file.
650 0 _aMobile communication systems.
650 0 _aVery high speed integrated circuits.
650 0 _aCode division multiple access.
700 1 _aHolma, Harri,
_d1970-
700 1 _aToskala, Antti.
710 2 _aWiley InterScience (Online service)
856 4 1 _uhttp://libproxy1.nus.edu.sg/login?url=http://www3.interscience.wiley.com/cgi-bin/homepage/?isbn=9780470032633
942 _cBK
_k621.3845 HOL
_2ddc
999 _c8393
_d8393